Niekto to rád hore bez Miss Monokiny show nám morálnu ujmu nespôsobila

Bibliographic Details
Main Author: Gallo, Igor, 1936-2019 (Author)
Corporate Author: Športová hala Košice (Author)
Format: Article
Language:Slovak
Subjects:

MARC

LEADER 00000nab a2200000 a 4500
001 vtls000912132
003 SK-MaSNL
005 20260302174324.0
008 040720e19910428xo 0 slo
035 |a KE21043 
040 |a KEVKJB  |b slo  |c KEVKJB  |e AACR2 
041 0 |a slo 
044 |a xo  |c SK 
080 |a 791  |2 1981 
080 |a 111.85-055.25  |2 1981 
100 1 |a Gallo, Igor,  |d 1936-2019  |4 aut  |9 85732 
245 1 0 |a Niekto to rád hore bez  |b Miss Monokiny show nám morálnu ujmu nespôsobila 
610 2 7 |a Športová hala (Košice, Slovensko)   |2 KEVKJB  |9 879346 
611 1 7 |a Miss monokiny  |2 KEVKJB  |9 883863 
651 7 |a Košice (Slovensko)  |2 KEVKJB  |9 18694 
651 7 |a KE,  |2 KEVKJB  |9 877256 
655 7 |a periodikum  |2 snkbucl  |9 29553 
710 2 |a Športová hala Košice  |4 aut  |9 879348 
773 0 8 |t Košický večer  |g Roč. 2  |g Roč. 28, č.82, 28.4.1991, s. 3 
852 |a ZVYKNI  |b KIS3GCP 
999 |c 1403722  |d 1405652